000
00308nam a22001217a 4500
020
_a
9788123905389
082
_a
624.1821
_b
ABU/DE
100
_a
Abu-Saba, Elias G
245
_a
Design of steel structures
260
_a
New Delhi
_b
CBS Publishers & Distributors Pvt. ltd.
_c
1997
300
_a
391p
942
_c
BK
999
_c
13919
_d
13919